006150000a2200229000450000500170000094200090001710000180002624500250004426000270006930000130009604000080010936500120011765000220012965000240015165000130017565000160018865000220020465000240022665000310025099900190028195200850030020120302052232.0 cBOOK a Chagla, M.C. a Indian Constitution aMumbai:bBombay,c1928 axii,156p aENG bRs.3.00 aPolitical Science aIndian Constitution aGovernor aLegistature aIndian High Court aStatutory Commision aGovernment-Indian Act-1919 c339547d339544 00104070aIOSbIOSd2009-12-02l0pIOS-3810 Er2009-12-02 00:00:00w2009-12-02